<?xml version='1.0' encoding='UTF-8'?>
  <record xmlns="http://www.loc.gov/MARC21/slim">
    <leader>00000cam a22000007i 4500</leader>
    <controlfield tag="001">ocn902179584</controlfield>
    <controlfield tag="003">OCoLC</controlfield>
    <controlfield tag="005">20250224151715.6</controlfield>
    <controlfield tag="008">150127s1591    ne            000 0 dut d</controlfield>
    <datafield tag="040" ind1=" " ind2=" ">
      <subfield code="a">NLGGC</subfield>
      <subfield code="b">dut</subfield>
      <subfield code="e">fobidrtb</subfield>
      <subfield code="c">NLGGC</subfield>
      <subfield code="d">QGJ</subfield>
      <subfield code="d">OCLCL</subfield>
      <subfield code="d">OCLCQ</subfield>
    </datafield>
    <datafield tag="029" ind1="0" ind2=" ">
      <subfield code="a">NLGGC</subfield>
      <subfield code="b">388601957</subfield>
    </datafield>
    <datafield tag="035" ind1=" " ind2=" ">
      <subfield code="a">(OCoLC)902179584</subfield>
    </datafield>
    <datafield tag="041" ind1="1" ind2=" ">
      <subfield code="a">dut</subfield>
      <subfield code="h">ger</subfield>
    </datafield>
    <datafield tag="100" ind1="1" ind2=" ">
      <subfield code="a">Rüff, Jacob,</subfield>
      <subfield code="d">1500-1558.</subfield>
      <subfield code="1">https://id.oclc.org/worldcat/entity/E39PBJr7WXh4KVBmjc9G9YYHG3</subfield>
    </datafield>
    <datafield tag="245" ind1="1" ind2="0">
      <subfield code="a">T'boeck vande vroet-wijfs :</subfield>
      <subfield code="b">int welcke men mach leeren alle heymelicheden vande vrouwen, ende in wat ghestalte de mensche in zijn moeders lichaem ontfanghen, groeyet ende gheboren wort ... /</subfield>
      <subfield code="c">alle t'samen ... van Jacob Ruffen ... in dr. uutgegh., ende nu ter tijt op een nieu verb. en met schoone figueren verciert ; daer by ghevoecht zijnde een profytelicke leeringhe, van het voesteren ende handelen vande nieugheboren kinderen ; overgeset uuten Hoochduytsche in ons Nederlantsche sprake, deur Martyn Everaert B.</subfield>
    </datafield>
    <datafield tag="260" ind1=" " ind2=" ">
      <subfield code="a">T'Amstelredam :</subfield>
      <subfield code="b">by Cornelis Claesz,</subfield>
      <subfield code="c">1591.</subfield>
    </datafield>
    <datafield tag="300" ind1=" " ind2=" ">
      <subfield code="a">[3], 80 fol. ;</subfield>
      <subfield code="c">21 cm.</subfield>
    </datafield>
    <datafield tag="336" ind1=" " ind2=" ">
      <subfield code="a">tekst</subfield>
      <subfield code="b">txt</subfield>
      <subfield code="2">rdacontent/dut</subfield>
    </datafield>
    <datafield tag="337" ind1=" " ind2=" ">
      <subfield code="a">zonder medium</subfield>
      <subfield code="b">n</subfield>
      <subfield code="2">rdamedia/dut</subfield>
    </datafield>
    <datafield tag="338" ind1=" " ind2=" ">
      <subfield code="a">band</subfield>
      <subfield code="b">nc</subfield>
      <subfield code="2">rdacarrier/dut</subfield>
    </datafield>
    <datafield tag="500" ind1=" " ind2=" ">
      <subfield code="a">Imprint: T'Amstelredam, by Cornelis Claesz. opt Water int Schrijfboeck [1591.].</subfield>
    </datafield>
    <datafield tag="500" ind1=" " ind2=" ">
      <subfield code="a">Illustrations: hoogdruk / letterpress).</subfield>
    </datafield>
    <datafield tag="510" ind1="3" ind2=" ">
      <subfield code="a">Bibliotheca medica Neerlandica 1, 334</subfield>
    </datafield>
    <datafield tag="700" ind1="1" ind2=" ">
      <subfield code="a">Everart, Marten,</subfield>
      <subfield code="d">ca. 1545-ca. 1615.</subfield>
      <subfield code="1">https://id.oclc.org/worldcat/entity/E39PCjx9fx4phgr7FJcKFqRHqP</subfield>
    </datafield>
    <datafield tag="700" ind1="1" ind2=" ">
      <subfield code="a">Aerssens, C.</subfield>
      <subfield code="4">lso</subfield>
    </datafield>
    <datafield tag="700" ind1="1" ind2=" ">
      <subfield code="a">Fieravent, Sigismond.</subfield>
      <subfield code="4">dto</subfield>
    </datafield>
    <datafield tag="700" ind1="1" ind2=" ">
      <subfield code="a">Kuenle, Anne.</subfield>
      <subfield code="4">dte</subfield>
    </datafield>
    <datafield tag="700" ind1="1" ind2=" ">
      <subfield code="a">Treub, Hector.</subfield>
      <subfield code="4">fmo</subfield>
    </datafield>
    <datafield tag="710" ind1="0" ind2=" ">
      <subfield code="a">Claesz, Cornelis (Amsterdam)</subfield>
      <subfield code="4">prt</subfield>
      <subfield code="0">(NL-LeOCL)077155122</subfield>
    </datafield>
    <datafield tag="710" ind1="2" ind2=" ">
      <subfield code="a">Staten Generael der Vereenichde Nederlanden.</subfield>
      <subfield code="4">cns</subfield>
    </datafield>
    <datafield tag="936" ind1=" " ind2=" ">
      <subfield code="a">BATCHLOAD</subfield>
    </datafield>
  </record>